Najdroższe transfery Atleticu Madryt w historii. - Statystyki

Ogólne statystyki
  • Ten quiz został rozwiązany 103 razy
  • Średni wynik to 7 z 10
Statystyki odpowiedzi
Sezon Cena Kraj Poprzedni Klub Piłkarz % Poprawnych
19/20 127 mln Portugalia Benfica Felix
99%
18/19 72 mln Francja AS Monaco Lemar
82%
14/15 54 mln Francja Real Sociedad Griezmann
81%
11/12 40 mln Kolumbia FC Porto Falcao
75%
21/22 35 mln Argentyna Udinese de Paul
72%
17/18 60 mln Hiszpania Chelsea Costa
64%
20/21 35 mln Hiszpania Chelsea Morata
64%
15/16 35 mln Kolumbia FC Porto Martinez
47%
16/17 32 mln Francja Sevilla Gameiro
39%
17/18 36 mln Hiszpania Sevilla Vitolo
29%
Nie znaleziono quizów pasujących do podanych kryteriów
Rozkład punktacji
Procent ludzi z każdym wynikiem
Percentyl według liczby udzielonych odpowiedzi
Twoja historia wyników
Nie rozwiązałeś tego quizu